¿Qué país? #2 - Estadísticas

Estadísticas generales
  • Esta prueba ha sido intentada 28 veces
  • La puntuación promedio es 4 de 8
Estadísticas de respuestas
Hint Respuesta % Correcto
Su punto más al norte está más cerca de Canadá que de su punto más al sur y su punto más al este está más cerca de la costa africana que de su punto más al oeste. Limita con el país anterior. Brasil.
71%
Está al sur de Aruba, Curaçao y Bonaire. Venezuela.
64%
En un observatorio de este país se descubrió Haumea, el planeta, en 2004. España.
61%
Allí están las sedes de Nokia y de Supercell. Finlandia.
57%
Fue gobernado por Muamar el Gadafi. Libia.
57%
Allí se encontraba la ciudad de Cartago. Túnez.
57%
Fue el primero en legalizar los matrimonios homosexuales. Países Bajos.
54%
Su capital tiene el mismo nombre que el lago más grande del continente en donde se encuentra. Seychelles.
21%
No se encontraron pruebas coincidentes
Distribución de puntuación
Porcentaje de gente con cada puntuación
Porcentaje por número respondido
Historial de tus puntuaciones
No has intentado esta prueba.